<?xml version="1.0" encoding="UTF-8"?>
<record
    xmlns:xsi="http://www.w3.org/2001/XMLSchema-instance"
    xsi:schemaLocation="http://www.loc.gov/MARC21/slim http://www.loc.gov/standards/marcxml/schema/MARC21slim.xsd"
    xmlns="http://www.loc.gov/MARC21/slim">

  <leader>00989nam a22001937a 4500</leader>
  <controlfield tag="003">OSt</controlfield>
  <controlfield tag="005">20260128133500.0</controlfield>
  <controlfield tag="008">260128b        |||||||| |||| 00| 0 eng d</controlfield>
  <datafield tag="020" ind1=" " ind2=" ">
    <subfield code="a">9789374737330</subfield>
  </datafield>
  <datafield tag="041" ind1=" " ind2=" ">
    <subfield code="a">Eng</subfield>
  </datafield>
  <datafield tag="100" ind1=" " ind2=" ">
    <subfield code="a"> SETHI  DIPAK</subfield>
    <subfield code="9">216512</subfield>
  </datafield>
  <datafield tag="245" ind1=" " ind2=" ">
    <subfield code="a">Textbook of Pharmacology, Pathology and Genetics for Nurses for B.Sc Nursing 3rd and 4th Semester</subfield>
  </datafield>
  <datafield tag="250" ind1=" " ind2=" ">
    <subfield code="a">1st</subfield>
  </datafield>
  <datafield tag="260" ind1=" " ind2=" ">
    <subfield code="a">Delhi</subfield>
    <subfield code="b">AITBS Publishers, INDIA</subfield>
    <subfield code="c">2023</subfield>
  </datafield>
  <datafield tag="300" ind1=" " ind2=" ">
    <subfield code="a">P.612</subfield>
  </datafield>
  <datafield tag="500" ind1=" " ind2=" ">
    <subfield code="a">A comprehensive guide compiled as per the Revised INC Syllabus for under graduate nursing students.
Highly readable format offers you a strong foundation in Pharmacology, Pathology and Genetics.
Content written and reviewed by leading experts in the field ensures that information is comprehensive, current, and accurate.
Applied questions on evidence based practice has been mentioned  at the end of book.
A lifelong companion for Basic nursing students.</subfield>
  </datafield>
  <datafield tag="610" ind1=" " ind2=" ">
    <subfield code="a">Pharmacology</subfield>
    <subfield code="9">216513</subfield>
  </datafield>
  <datafield tag="942" ind1=" " ind2=" ">
    <subfield code="2">ddc</subfield>
    <subfield code="c">DB</subfield>
  </datafield>
  <datafield tag="999" ind1=" " ind2=" ">
    <subfield code="c">370217</subfield>
    <subfield code="d">370217</subfield>
  </datafield>
  <datafield tag="952" ind1=" " ind2=" ">
    <subfield code="0">0</subfield>
    <subfield code="1">0</subfield>
    <subfield code="2">ddc</subfield>
    <subfield code="4">0</subfield>
    <subfield code="7">0</subfield>
    <subfield code="a">SNCN</subfield>
    <subfield code="b">SNCN</subfield>
    <subfield code="d">2026-01-23</subfield>
    <subfield code="e">Donated By Reshma A. Raut</subfield>
    <subfield code="g">795.00</subfield>
    <subfield code="i">IK#2025-26#00918</subfield>
    <subfield code="l">1</subfield>
    <subfield code="o">615.1026 SET</subfield>
    <subfield code="p">SNCN-DB-365</subfield>
    <subfield code="q">2026-03-04</subfield>
    <subfield code="r">2026-02-02 05:28:00</subfield>
    <subfield code="s">2026-02-02</subfield>
    <subfield code="v">795.00</subfield>
    <subfield code="w">2026-01-29</subfield>
    <subfield code="y">DB</subfield>
  </datafield>
</record>
